Missing Word: 19th Century US History A-Z Quiz Stats

 Plays Quiz Updated Aug 4, 2017

Support Sporcle.
Go Orange.
Score 0/24 Timer 03:00
1 Play Today
Hint Answer % Correct
Abraham ____ - presidentLincoln
97.8%
John ____ Adams - presidentQuincy
94.7%
____ Tubman - abolitionistHarriet
93.9%
General ____ E. LeeRobert
93.7%
____ of 1812War
92.7%
____ Taylor - presidentZachary
91.2%
Lewis and Clark ____ - 1804-1806Expedition
89.6%
____ Railroad - escape networkUnderground
89.4%
Emancipation ____ - 1863Proclamation
88.1%
Harriet ____ Stowe - authorBeecher
87.6%
Annie ____ - sharpshooterOakley
86.8%
____ of Tears - 1830sTrail
83.7%
Hint Answer % Correct
____ Doctrine - 1823Monroe
81.1%
____ Horse - Lakota leaderCrazy
80.7%
Raid on Harpers ____ - 1859Ferry
79.6%
____ Scott decision - 1857Dred
78.8%
____ Truth - abolitionistSojourner
70.1%
Cornelius ____ - railroad magnateVanderbilt
67.2%
____ Removal Act - 1830Indian
65.3%
____ Addams - social workerJane
54.7%
Battle of the ____ - 1836Alamo
50%
Bleeding ____ - 1854–1861Kansas
41%
Treaty of ____ Hidalgo - 1848Guadalupe
41%
Treaty of ____ Echota - 1835New
18.6%

Today's Daily Dose

You're not logged in!

Compare scores with friends on all Sporcle quizzes.
OR
Log In
Forgot?

From the Vault

The NASA Astronaut Quiz

by MoMosMoProblems

This isn't how NASA decides who gets to go to space, but things can always change.
Remove Ads.
Support Sporcle.
Get the best of Sporcle when you Go Orange. This ad-free experience offers more features, more stats, and more fun while also helping to support Sporcle. Thank you for becoming a member.

Show Comments

Extras

Top Quizzes Today


Score Distribution

Your Account Isn't Verified!

In order to create a playlist on Sporcle, you need to verify the email address you used during registration. Go to your Sporcle Settings to finish the process.

Report this User

Report this user for behavior that violates our Community Guidelines.

Details: